| 000 | 00777nam a2200241 i 4500 | ||
|---|---|---|---|
| 001 | 9806 | ||
| 003 | ES-MaACL | ||
| 005 | 20240223063021.0 | ||
| 008 | 940113s1992 sp |||| | spa d | ||
| 020 | _a84-206-2704-6 | ||
| 080 | _a9(46)"15/19" | ||
| 080 | _a9(8.03)"15/19" | ||
| 080 | _a325.3(46)"15/19" | ||
| 100 | 0 |
_aGarcía Cárcel, Ricardo, _d1948- _954339 |
|
| 245 | 1 | 3 |
_aLa leyenda negra _b: historia y opinión / _cRicardo García Cárcel. |
| 260 |
_aMadrid : _bAlianza, _cD.L. 1992. |
||
| 300 |
_a298 p. ; _c20 cm. |
||
| 490 | 1 |
_aAlianza universidad. Historia ; _v704. |
|
| 651 | 4 |
_aEspaña- _xHistoria- _xLeyenda negra. _98346 |
|
| 830 | 0 |
_aAlianza universidad. Historia ; _v704. _9177525 |
|
| 852 |
_aES-MaACL _jL-17332 |
||
| 999 |
_c9806 _d9806 |
||